000 00413nam a22001697a 4500
005 20160430112604.0
008 160430b xxu||||| |||| 00| 0 eng d
020 _a81-85980-68-0
041 _aeng
082 _b1034
100 _aSrivastava Sanjay
_9323
245 _aOrganizational Behaviour
260 _aNew Delhi
_bGalgotia Publ. Pvt. Ltd.
_c2001
300 _a98
650 _aManagement
_9241
942 _cBK
999 _c372
_d372